[Event "Titled Tuesday intern op 30th Mar"]
[Site "Chess.com INT"]
[Date "2021.03.30"]
[Round "7"]
[White "Shapkin, Anatoliy"]
[Black "Babiy, Olga"]
[Result "1/2-1/2"]
[WhiteElo "2283"]
[BlackElo "2300"]
[PlyCount "75"]
[EventDate "2021.03.30"]
[EventType "swiss (blitz)"]
[EventRounds "11"]
[EventCountry "USA"]
[SourceTitle "CBM 201 Extra"]
[Source "ChessBase"]
[SourceDate "2021.05.31"]
[SourceVersion "1"]
[SourceVersionDate "2021.05.31"]
[SourceQuality "1"]

1. d4 d5 2. c4 dxc4 3. Nf3 Nf6 4. e3 e6 5. Bxc4 c5 6. 0-0 a6 7. a4 Nc6 8. Qe2 Be7 9. Rd1 0-0 10. Nc3 Qc7 11. d5 exd5 12. Nxd5 Nxd5 13. Bxd5 Bg4 14. h3 Bh5 15. b3 Bf6 16. Bb2 Bxb2 17. Qxb2 Nb4 18. Rac1 Nxd5 19. Rxd5 Bxf3 20. gxf3 b6 21. a5 Qc6 22. Qd2 Qg6+ 23. Kh2 Qf6 24. f4 Rfd8 25. axb6 Qxb6 26. Rcxc5 g6 27. Rc3 Rxd5 28. Qxd5 Rd8 29. Qe5 Qb4 30. Kg3 Qb7 31. f5 Qh1 32. fxg6 hxg6 33. Kg4 Qg2+ 34. Qg3 Qe4+ 35. Qf4 Qg2+ 36. Qg3 Qe4+ 37. Qf4 Qg2+ 38. Qg3 1/2-1/2

[Event "Titled Tuesday intern op 30th Mar"]
[Site "Chess.com INT"]
[Date "2021.03.30"]
[Round "10"]
[White "Vovk, Orest"]
[Black "Shapkin, Anatoliy"]
[Result "0-1"]
[WhiteElo "2315"]
[BlackElo "2283"]
[PlyCount "62"]
[EventDate "2021.03.30"]
[EventType "swiss (blitz)"]
[EventRounds "11"]
[EventCountry "USA"]
[SourceTitle "CBM 201 Extra"]
[Source "ChessBase"]
[SourceDate "2021.05.31"]
[SourceVersion "1"]
[SourceVersionDate "2021.05.31"]
[SourceQuality "1"]

1. h3 d5 2. e4 dxe4 3. Nc3 Nf6 4. Qe2 Bf5 5. Qb5+ Bd7 6. Qxb7 Nc6 7. Bb5 Rb8 8. Qxc6 Bxc6 9. Bxc6+ Nd7 10. Nxe4 e6 11. Nf3 Bd6 12. d4 0-0 13. 0-0 h6 14. c3 Nf6 15. b4 Nxe4 16. Bxe4 a5 17. a3 axb4 18. axb4 Qd7 19. Ra5 Rb5 20. Ra7 Qd8 21. Bc6 Rb6 22. b5 Qf6 23. c4 Bf4 24. Ba3 Rd8 25. Bc5 Rbb8 26. Re1 Bd6 27. Ne5 Bxc5 28. dxc5 Rd2 29. Bf3 Qh4 30. g3 Qd4 31. Rxc7 Qxf2+ 0-1

[Event "Titled Tuesday intern op 23rd Feb"]
[Site "Chess.com INT"]
[Date "2021.02.23"]
[Round "5"]
[White "Sanchez Alvares, Kelvin Antonio"]
[Black "Shapkin, Anatoliy"]
[Result "0-1"]
[WhiteElo "2250"]
[BlackElo "2283"]
[PlyCount "84"]
[EventDate "2021.02.23"]
[EventType "swiss (blitz)"]
[EventRounds "11"]
[EventCountry "USA"]
[SourceTitle "CBM 200 Extra"]
[Source "ChessBase"]
[SourceDate "2021.03.31"]
[SourceVersion "1"]
[SourceVersionDate "2021.03.31"]
[SourceQuality "1"]

1. d4 Nf6 2. c4 g6 3. Nc3 d5 4. Nf3 Bg7 5. Bg5 Ne4 6. cxd5 Nxg5 7. Nxg5 e6 8. Qd2 exd5 9. Qe3+ Kf8 10. Qf4 Bf6 11. h4 h6 12. Nf3 Kg7 13. 0-0-0 Be6 14. g4 Nd7 15. e4 dxe4 16. d5 Bxc3 17. dxe6 Qf6 18. Qxe4 Bxb2+ 19. Kb1 Nc5 20. Qb4 Qxf3 21. Qxb2+ Qf6 22. exf7 Qxb2+ 23. Kxb2 Kxf7 24. Rd5 b6 25. Bc4 Kg7 26. Rhd1 Rhf8 27. R1d2 Rae8 28. Bb5 Re7 29. h5 Ref7 30. hxg6 Rxf2 31. Bc6 Kxg6 32. R5d4 Rxd2+ 33. Rxd2 Kg5 34. Rd4 Rf4 35. Rd8 Kxg4 36. Rc8 Rf7 37. Bd5 Re7 38. Rg8+ Kf5 39. Rh8 Ke5 40. Bc4 Kd4 41. Bb5 Re6 42. Rh7 c6 0-1

[Event "Titled Tuesday intern op 23rd Feb"]
[Site "Chess.com INT"]
[Date "2021.02.23"]
[Round "8"]
[White "Shapkin, Anatoliy"]
[Black "Djokic, Mihailo"]
[Result "0-1"]
[WhiteElo "2283"]
[BlackElo "2227"]
[PlyCount "116"]
[EventDate "2021.02.23"]
[EventType "swiss (blitz)"]
[EventRounds "11"]
[EventCountry "USA"]
[SourceTitle "CBM 200 Extra"]
[Source "ChessBase"]
[SourceDate "2021.03.31"]
[SourceVersion "1"]
[SourceVersionDate "2021.03.31"]
[SourceQuality "1"]

1. d4 Nf6 2. c4 g6 3. Nc3 Bg7 4. e4 d6 5. Nf3 0-0 6. Be2 e5 7. 0-0 Nc6 8. dxe5 dxe5 9. Bg5 Qxd1 10. Rfxd1 Bg4 11. h3 Bxf3 12. Bxf3 Nd4 13. Nd5 Nxd5 14. cxd5 f5 15. Rac1 fxe4 16. Bg4 c6 17. d6 h5 18. Rxd4 exd4 19. Be6+ Kh7 20. Be7 d3 21. Re1 Bd4 22. Rxe4 Bxf2+ 23. Kh2 d2 24. Bb3 Rf5 25. Re2 Be1 26. g4 Rf3 27. Bd1 Bg3+ 28. Kg2 Rd3 29. d7 Rxd7 30. Kxg3 Re8 31. gxh5 gxh5 32. Bc2+ Kg8 33. Bb3+ Kg7 34. Bf6+ Kxf6 35. Rxe8 Rd3+ 36. Kf2 Rxb3 37. Rd8 Rxb2 38. Ke3 Rxa2 39. Rd7 c5 40. Ke2 Rb2 41. Rc7 b6 42. h4 a5 43. Rc6+ Kf5 44. Kd1 Kg4 45. Rg6+ Kxh4 46. Rg8 c4 47. Ke2 c3 48. Rc8 Rc2 49. Rc4+ Kg5 50. Rc8 Rc1 51. Rg8+ Kf6 52. Rf8+ Ke7 53. Rf5 d1Q+ 54. Ke3 Qd2+ 55. Ke4 Re1+ 56. Kf3 Qd3+ 57. Kg2 Qxf5 58. Kh2 Re2+ 0-1